The Original 13 Colonies - Statistics

General Stats
  • This quiz has been taken 97 times
  • The average score is 12 of 13
Answer Stats
Colony % Correct
New York
100%
Delaware
95%
New Jersey
95%
Rhode Island
95%
Maryland
94%
Virginia
94%
Connecticut
93%
Massachusetts
93%
New Hampshire
91%
North Carolina
91%
Pennsylvania
90%
South Carolina
90%
Georgia
89%
No matching quizzes found
Score Distribution
Percent of People with Each Score
Percentile by Number Answered
Your Score History
You have not taken this quiz